| 000 | 00522nam a22001577a 4500 | ||
|---|---|---|---|
| 003 | OSt | ||
| 005 | 20240415163634.0 | ||
| 008 | 240415b |||||||| |||| 00| 0 eng d | ||
| 040 | _cMRSPTU | ||
| 100 | _aDr. Shyam Sundar Dipti (ਡਾ. ,ਸਿਆਮ ਸੁੰਦਰ ਦੀਪਤੀ) | ||
| 245 | _aBlood Pressure Nu Kabuu Heth Rakho (ਬਲੱਡ ਪ੍ਰੈਸ਼ਰ ਨੂੰ ਕਾਬੂ ਹੇਠ ਰੱਖੋ) | ||
| 250 | _a1st | ||
| 260 |
_aPunjab _bTarkbharti Parkashan _c1998 |
||
| 300 | _a45 | ||
| 942 |
_2ddc _cBK _n0 |
||
| 999 |
_c10038 _d10038 |
||